000 00739nam a2200289Ia 4500
005 20260121124906.0
008 008 260114s9999 xx 000 0 eng d
020 _a9780674295148
037 _aEBOOK
040 _aCRL
040 _beng
040 _cCRL
041 _2eng
041 _aeng
084 _qCRL
100 _aShamir, Eitan
_9983748
245 4 _aThe Art of Military Innovation: Lessons from the Israel Defense Forces
260 _bWalter de Gruyter
260 _bWalter de Gruyter
260 _c2023
650 _aHistory
_9983749
700 _a Luttwak, Edward N.
_9983750
856 _uhttp://www.degruyter.com/isbn/9780674295148
942 _cEBOOK
999 _c1557929
_d1557929